Statistiken für Stadtteile von Bottrop

Klicken Sie hier um das Quiz zu spielen!

Allgemein

  • Dieses Quiz wurde 30 mal gespielt
  • Das Durchschnittsergebnis liegt bei 6 aus 8

Antwortstatistiken

AnfangsbuchstabeAntwort% Korrekt
BBoy
95%
KKirchhellen
91%
S/M
(Stadt-) Mitte
86%
EEbel
77%
EEigen
68%
FFuhlenbrock
68%
BBatenbrock
64%
WWelheim
55%

Verteilung der Resultate

Perzentil nach korrekt beantworteten Fragen

Anzahl Personen mit jedem Resultat

Ihre Resultats-Entwicklung

Sie haben dieses Quiz noch nicht gespielt